| 000 -CABECERA |
| Longitud fija campo de control |
00530nam a2200181 a 4500 |
| 001 - NÚMERO DE CONTROL |
| Número de control |
1032 |
| 003 - IDENTIFICADOR DEL NÚMERO DE CONTROL |
| Identificador del número de control |
CDMR |
| 005 - FECHA Y HORA DE LA ÚLTIMA TRANSACCIÓN |
| Fecha y hora de la última transacción |
20130116135200.0 |
| 008 - CÓDIGOS DE INFORMACIÓN DE LONGITUD FIJA |
| Códigos de información de longitud fija |
130130s1975||||||||||||||||||||||||||||d |
| 040 ## - FUENTE DE LA CATALOGACIÓN |
| Centro catalogador de origen |
CDMR |
| Lengua de catalogación |
cat |
| Centro transcriptor |
CDMR |
| 100 1# - PUNTO DE ACCESO PRINCIPAL-NOMBRE DE PERSONA |
| Nombre de persona |
Piquer i Jover, Josep Joan |
| 9 (RLIN) |
813 |
| 245 13 - MENCIÓN DE TÍTULO |
| Título |
El periodista Ramón Pomés i el seu temps |
| Mención de responsabilidad, etc. |
Josep Joan Piquér i Jovér |
| 260 ## - PUBLICACIÓN, DISTRIBUCIÓN, ETC. (PIE DE IMPRENTA) |
| Lugar de publicación, distribución, etc. |
Barcelona |
| Fecha de publicación, distribución, etc. |
1975 |
| Nombre del editor, distribuidor, etc. |
Dalmau |
| 300 ## - DESCRIPCIÓN FÍSICA |
| Extensión |
76 p ; |
| Dimensiones |
17 cm |
| 490 0# - MENCIÓN DE SERIE |
| Mención de serie |
Episodis de la història |
| Designación de volumen o secuencia |
221, 222 |
| -- |
814 |
| 600 14 - PUNTO DE ACCESO ADICIONAL DE MATERIA - NOMBRE DE PERSONA |
| Nombre de persona |
Pomés, Ramón |
| Subdivisión de forma (R ) |
Biografia |
| 9 (RLIN) |
815 |
| 942 ## - ENTRADA DE ELEMENTOS AGREGADOS (KOHA) |
| Koha [por defecto] tipo de item |
Monografies |